[Event "West Attica-ch U10"]
[Site "Athens"]
[Date "2009.09.09"]
[Round "4"]
[White "Papadimitriou, Spyridon"]
[Black "Mavrouli, Ioanna"]
[Result "0-1"]
[WhiteElo "1005"]
[BlackElo "1005"]
[PlyCount "24"]
[EventDate "2009.09.08"]
[EventType "swiss"]
[EventRounds "7"]
[EventCountry "GRE"]
[SourceTitle "EXT 2011"]
[Source "ChessBase"]
[SourceDate "2010.11.26"]
[SourceVersion "1"]
[SourceVersionDate "2010.11.26"]
[SourceQuality "1"]

1. e4 e5 2. Nf3 Bc5 3. Nxe5 Nf6 4. Bc4 d6 5. Nxf7 Bg4 6. f3 Bc8 7. Nxd8 Kxd8 8. d4 Bb6 9. Bg5 Rf8 10. 0-0 Nc6 11. Qe1 Nxd4 12. Qb4 Nxc2+ 0-1